| 000 | 00905cab a2200253 4500 | ||
|---|---|---|---|
| 001 | ABS48055 | ||
| 008 | 090401t1993 xxu||||| |||| 00| 0 eng d | ||
| 035 | _a(Sirsi) u64688 | ||
| 041 | _aeng | ||
| 100 | _aThirlby, P. | ||
| 245 | _aGeographic information systems in commercial property | ||
| 260 | _c1993 | ||
| 350 | _a0 | ||
| 490 |
_aProperty Management _v11(1) Winter 1993, 77-81(5) |
||
| 520 | _aAs GIS technology becomes more widely available, the possible applications have become more varied. This article points to the use such systems may have in the management of commercial property. Draws on the experience of Trace Solutions. | ||
| 650 | _aPROPERTY-COMMERCIAL PROPERTY | ||
| 650 | _aDATABASES | ||
| 650 | _aGIS | ||
| 650 | _aPROPERTY DATA | ||
| 650 | _aTRACE SOLUTIONS | ||
| 690 | _aMANAGEMENT-BUSINESS MANAGEMENT-INFORMATION MANAGEMENT | ||
| 942 | _n0 | ||
| 948 | _c04/03/1997 | ||
| 999 |
_c40301 _d40301 |
||